Mozart, una jornada particular / (Registro nro. 10356)

Detalles MARC
000 -LEADER
campo de control de longitud fija 00949nam a2200289 i 4500
001 - NÚMERO DE CONTROL
campo de control 10356
003 - IDENTIFICADOR DE NÚMERO DE CONTROL
campo de control ES-MaACL
005 - FECHA Y HORA DE LA ÚLTIMA TRANSACCIÓN
campo de control 20250911062632.0
007 - CAMPO FIJO DE DESCRIPCIÓN FÍSICA--INFORMACIÓN GENERAL
campo de control de longitud fija t|
008 - DATOS DE LONGITUD FIJA--INFORMACIÓN GENERAL
campo de control de longitud fija 950524s1994 sp ||||1| spa d
020 ## - NÚMERO INTERNACIONAL ESTÁNDAR DEL LIBRO
Número Internacional Estándar del Libro 84-233-2415-X
080 ## - NÚMERO DE LA CLASIFICACIÓN DECIMAL UNIVERSAL
Número de la Clasificación Decimal Universal 92 Mozart
080 ## - NÚMERO DE LA CLASIFICACIÓN DECIMAL UNIVERSAL
Número de la Clasificación Decimal Universal 82.0(73)-312.6"19"
080 ## - NÚMERO DE LA CLASIFICACIÓN DECIMAL UNIVERSAL
Número de la Clasificación Decimal Universal 82.0(73)(Landon,H.C.R.7 M.03=6)
100 1# - ENTRADA PRINCIPAL--NOMBRE DE PERSONA
Nombre de persona Landon, H. C. Robbins.
9 (RLIN) 69962
245 10 - MENCIÓN DEL TÍTULO
Título Mozart, una jornada particular /
Mención de responsabilidad, etc. H. C. Robbins Landon ; traducción de Javier Alfaya y Patrick Alfaya McShane.
250 ## - MENCION DE EDICION
Mención de edición [1a ed.].
260 ## - PUBLICACIÓN, DISTRIBUCIÓN, ETC.
Lugar de publicación, distribución, etc. Barcelona :
Nombre del editor, distribuidor, etc. Destino,
Fecha de publicación, distribución, etc. 1994.
300 ## - DESCRIPCIÓN FÍSICA
Extensión 137 p. ;
Dimensiones 20 cm.
490 1# - MENCIÓN DE SERIE
Mención de serie Ancora y delfín ;
Designación de volumen o secuencia 726
600 #0 - PUNTO DE ACCESO ADICIONAL DE MATERIA--NOMBRE DE PERSONA
Nombre de persona Mozart, Wolfgang Amadeus,
Fechas asociadas al nombre 1756-1791-
Subdivisión general Biografías
9 (RLIN) 223460
700 1# - ENTRADA AGREGADA--NOMBRE PERSONAL
Nombre de persona Alfaya, Javier,
Fechas asociadas al nombre 1939-2018
9 (RLIN) 19827
700 1# - ENTRADA AGREGADA--NOMBRE PERSONAL
Nombre de persona Alfaya McShane, Patrick.
9 (RLIN) 19829
830 00 - PUNTO DE ACCESO ADICIONAL DE SERIE-TÍTULO UNIFORME
Título uniforme Áncora y Delfín
Designación de volumen o secuencia 726
9 (RLIN) 151298
852 ## - LOCALIZACIÓN
Ubicación ES-MaACL
Número de control de estantería L-17914
Sublocalización o colección R.123911
Existencias
Estatus retirado Estado de pérdida Estado de daño No para préstamo Biblioteca de origen Biblioteca actual Ubicación en estantería Fecha de adquisición Fuente de adquisición Total de préstamos Signatura topográfica completa Código de barras Visto por última vez Precio de reemplazo Tipo de ítem Koha
        Biblioteca del Ateneo de Madrid Biblioteca del Ateneo de Madrid Depósito 2 17/01/2008     L-17914 1010566 23/02/2023 23/02/2023 Libro impreso